<?xml version="1.0" encoding="UTF-8"?>
<collection xmlns="http://www.loc.gov/MARC21/slim">
    <record>
        <controlfield tag="001">14520</controlfield>
        <controlfield tag="005">20150325205453.0</controlfield>
        <datafield tag="037" ind1=" " ind2=" ">
            <subfield code="a">TAZ-TFG-2014-652</subfield>
        </datafield>
        <datafield tag="041" ind1=" " ind2=" ">
            <subfield code="a">spa</subfield>
        </datafield>
        <datafield tag="100" ind1="1" ind2=" ">
            <subfield code="a">Horna Gimeno, Sheila</subfield>
        </datafield>
        <datafield tag="245" ind1="0" ind2="0">
            <subfield code="a">Reciclando con ritmo: hacer música de forma motivadora y divertida utilizando instrumentos reciclados</subfield>
        </datafield>
        <datafield tag="260" ind1=" " ind2=" ">
            <subfield code="a">Zaragoza</subfield>
            <subfield code="b">Universidad de Zaragoza</subfield>
            <subfield code="c">2014</subfield>
        </datafield>
        <datafield tag="506" ind1=" " ind2=" ">
            <subfield code="a">by-nc-sa</subfield>
            <subfield code="b">Creative Commons</subfield>
            <subfield code="c">3.0</subfield>
            <subfield code="u">http://creativecommons.org/licenses/by-nc-sa/3.0/</subfield>
        </datafield>
        <datafield tag="520" ind1=" " ind2=" ">
            <subfield code="a">El objetivo principal de este trabajo es concienciar tanto al profesorado como al alumnado de la posibilidad de hacer música con materiales diferentes a los instrumentos musicales con los que estamos acostumbrados a trabajar en el aula de música. Para ello hemos realizado a modo de marco teórico, diferentes consideraciones y reflexiones sobre la importancia tanto de la Educación musical en las aulas, analizando a los pedagogos de metodologías activas más importantes, como de los instrumentos musicales utilizados en el aula, para a partir de ahí centrarnos, sobre todo, en los instrumentos musicales realizados con materiales reciclados, pero también, en nuestro propio cuerpo y en los objetos sonoros. Para no quedarse en un planteamiento únicamente teórico, se ha pretendido plasmar en una actividad eminentemente práctica todo lo reflexionado previamente; una actividad consistente en el montaje de una batucada con un curso de Educación primaria, en la que quede reflejada la importancia de trabajar con estos instrumentos reciclados. Del análisis de los resultados se puede anticipar que se han cumplido los objetivos previstos y la satisfacción ha sido total. Se ha considerado oportuno terminar este trabajo realizando una reflexión sobre lo que ha significado para mí el Grado en Magisterio en Educación Primaria y una valoración personal del Trabajo Final de Grado realizado.</subfield>
        </datafield>
        <datafield tag="521" ind1=" " ind2=" ">
            <subfield code="a">Graduado en Maestro Educación Primaria</subfield>
        </datafield>
        <datafield tag="540" ind1=" " ind2=" ">
            <subfield code="a">Derechos regulados por licencia Creative Commons</subfield>
        </datafield>
        <datafield tag="700" ind1=" " ind2=" ">
            <subfield code="a">Casanova López, Óscar</subfield>
            <subfield code="e">dir.</subfield>
        </datafield>
        <datafield tag="710" ind1="2" ind2=" ">
            <subfield code="a">Universidad de Zaragoza</subfield>
            <subfield code="b">Expresión Musical, Plástica y Corporal</subfield>
            <subfield code="c">Didáctica de la Expresión Musical</subfield>
        </datafield>
        <datafield tag="856" ind1="0" ind2=" ">
            <subfield code="f">627255@celes.unizar.es</subfield>
        </datafield>
        <datafield tag="856" ind1="4" ind2=" ">
            <subfield code="s">741852</subfield>
            <subfield code="u">http://zaguan.unizar.es/record/14520/files/TAZ-TFG-2014-652.pdf</subfield>
            <subfield code="y">Memoria (spa)</subfield>
        </datafield>
        <datafield tag="909" ind1="C" ind2="O">
            <subfield code="o">oai:zaguan.unizar.es:14520</subfield>
            <subfield code="p">driver</subfield>
            <subfield code="p">trabajos-fin-grado</subfield>
        </datafield>
        <datafield tag="950" ind1=" " ind2=" ">
            <subfield code="a"></subfield>
        </datafield>
        <datafield tag="980" ind1=" " ind2=" ">
            <subfield code="a">TAZ</subfield>
            <subfield code="b">TFG</subfield>
            <subfield code="c">FEDU</subfield>
        </datafield>
    </record>

    
</collection>